1281 1695 1948 1946 1222 1686 1608 1043 1605 1268 1371 1646 1141 1676 1536 1310 1243 1405 1203 1193 1330 1746 1538 1609 1635 1987 1628 1150 1374 1179 1819 1727 1494 1253 1482 1123 1326 1750 1659 1006 1236 1299 1627 1633 1275 1911 1301 1156 1769 1493 1857 1062 1485 1047 1171 1437 1047 1271 1185 1676 1716 1554 1222 1813 1119 1242 1922 1159 1116 1552 1260 1696 1726 1983 1871 1371 1244 1604 1636 1458 1722 1732 1004 1051 1097 1409 1592 1666 1071 1228 1306 1529 1525 1016 1549 1916 1174 1915 1537 BCNSPRNW ULIB Ver.6.0+V

เปลี่ยนเป็นภาษาไทย

Change to English
 แสดงรายละเอียดบรรณานุกรม
  กลับหน้าหลัก

Brief Record : Get Marc (ISO 2709) : E-mail record : QR code < ปิดหน้าต่าง
LEADER : 00000nam 2200000uu 4500
001    13399111812
003     ULIB
008    110708s2548||||th 000 0 tha d
050  4 DS568^bส847ค 2548
100 0  สุรชัย บุญเจริญ
245 10 คู่มือการควบคุมคุณภาพและมาตรฐานผลิตภัณฑ์เครื่องปั้นดินเผาบ้านมอญ /^cสุรชัย บุญเจริญและคณะ
260    นครสวรรค์ :^bสำนักงานพัฒนาชุมชนจังหวัดนครสวรรค์,^c2548
300    136 หน้า :^bภาพประกอบ
650  7 การควบคุมคุณภาพ
650  7 เครื่องปั้นดินเผา
650  7 มาตรฐานผลิตภัณฑ์
945    ^p0^l0^i021806
995    ทศพร
999 ^a ใช้งานได้ทุกระบบ
รายการนี้ยังไม่มีแท็ก
คุณยังไม่ได้ล็อกอิน คุณสามารถมีกิจกรรมร่วมกับเว็บไซต์ได้ แต่ต้องล็อกอินก่อน ::
  ล็อกอิน

รายการสื่อสารสนเทศ

ลำดับที่ ประเภท เลขเรียก/บาร์โค้ด สถานที่ สถานะ
- ไม่พบข้อมูล -

รายการใกล้เคียง
    หัวเรื่อง [การควบคุมคุณภาพ]

BibComment


ยังไม่เคยถูกคอมเมนท์

คอมเมนท์ทรัพยากรรายการนี้
  คอมเมนท์: คู่มือการควบคุมคุ..


 Copyright 2026. Bcnsprnw @Library